Welcome to the Holygrace Academy Library

Please use search bar below to get started

LETTER WRITING (Record no. 3777)

MARC details
000 -LEADER
fixed length control field 00231nam a22001097a 4500
082 ## - DEWEY DECIMAL CLASSIFICATION NUMBER
Classification number 425
Item number SHA/L
245 ## - TITLE STATEMENT
Title LETTER WRITING
260 ## - PUBLICATION, DISTRIBUTION, ETC. (IMPRINT)
Place of publication CHERTHALA
Name of publisher SHARON BOOKS
300 ## - PHYSICAL DESCRIPTION
Number of Pages 66
650 ## - SUBJECT ADDED ENTRY--TOPICAL TERM
Topical Term LETTER WRITING
Geographic subdivision ERNAKULAM
942 ## - ADDED ENTRY ELEMENTS (KOHA)
Koha item type Books
Holdings
Withdrawn status Lost status Collection code Home library Current library Shelving location Date acquired Source of acquisition Full call number Accession Number Koha item type
    Reference Main Library Main Library SHELF-16C -ENGLISH GRAMMAR SYNONYMS7ANTONYMS,LETTERS, ETC 11/05/2010 PURCHASE 425 SHA/L 03410 Books